[Event "Angers op 16th"]
[Site "Angers"]
[Date "2023.05.21"]
[Round "6"]
[White "Greget, Mathias"]
[Black "Roos, Adrian"]
[Result "1-0"]
[WhiteElo "2130"]
[BlackElo "2275"]
[PlyCount "85"]
[EventDate "2023.05.19"]
[EventType "swiss"]
[EventRounds "6"]
[EventCountry "FRA"]
[SourceTitle "CBM 214 Extra"]
[Source "ChessBase"]
[SourceDate "2023.07.31"]
[SourceVersion "1"]
[SourceVersionDate "2023.07.31"]
[SourceQuality "1"]

1. d4 Nf6 2. Nf3 e6 3. c4 d5 4. g3 dxc4 5. Bg2 Nc6 6. Qa4 Bb4+ 7. Bd2 Nd5 8. e3 Bd7 9. Qc2 b5 10. a3 Be7 11. 0-0 0-0 12. h4 Rc8 13. e4 Nb6 14. Be3 Na5 15. Nc3 Nb3 16. Rad1 f6 17. h5 Qe8 18. h6 g6 19. e5 f5 20. d5 Nxd5 21. Nxd5 exd5 22. Rxd5 c6 23. Rdd1 c5 24. Qc3 Bc6 25. Rd6 Be4 26. Rfd1 Bd8 27. Rd7 Ba5 28. Rg7+ Kh8 29. Rdd7 Qxd7 30. Rxd7 Bxc3 31. bxc3 Rcd8 32. e6 Rxd7 33. exd7 Bxf3 34. Bxf3 Rd8 35. Bc6 b4 36. axb4 cxb4 37. Bg5 Rxd7 38. Bxd7 Nc5 39. Bc6 b3 40. Bd5 Nd7 41. Be3 Nf6 42. Bd4 b2 43. Bxf6# 1-0

[Event "Angers op 16th"]
[Site "Angers"]
[Date "2023.05.19"]
[Round "1"]
[White "Jolly, Jean Francois"]
[Black "Greget, Mathias"]
[Result "1/2-1/2"]
[WhiteElo "2402"]
[BlackElo "2130"]
[PlyCount "73"]
[EventDate "2023.05.19"]
[EventType "swiss"]
[EventRounds "6"]
[EventCountry "FRA"]
[SourceTitle "CBM 214 Extra"]
[Source "ChessBase"]
[SourceDate "2023.07.31"]
[SourceVersion "1"]
[SourceVersionDate "2023.07.31"]
[SourceQuality "1"]

1. e4 e6 2. d4 d5 3. Nd2 h6 4. Ngf3 Nf6 5. e5 Nfd7 6. c4 dxc4 7. Bxc4 Nb6 8. Bd3 Na6 9. 0-0 c5 10. Nc4 Nxc4 11. Bxc4 Nc7 12. Be3 cxd4 13. Nxd4 Nd5 14. Qf3 Be7 15. Bxd5 Qxd5 16. Qxd5 exd5 17. Nb5 Bd8 18. Bxa7 b6 19. Rfd1 Bd7 20. Rxd5 Bxb5 21. Bxb6 Bc4 22. Rxd8+ Rxd8 23. Bxd8 Kxd8 24. b3 Be6 25. Rc1 Kd7 26. f4 g5 27. Rd1+ Kc6 28. Rd6+ Kc5 29. g3 Ra8 30. Rd2 Kb4 31. Kf2 Kc3 32. Ke3 gxf4+ 33. gxf4 Rg8 34. Rd3+ Kc2 35. Rd2+ Kc3 36. Rd3+ Kc2 37. Rd2+ 1/2-1/2

[Event "Barcelona IM 7th"]
[Site "Barcelona"]
[Date "2022.08.06"]
[Round "7"]
[White "Alcala Gonzalez, Cesar"]
[Black "Greget, Mathias"]
[Result "1-0"]
[WhiteElo "2197"]
[BlackElo "2041"]
[PlyCount "71"]
[EventDate "2022.07.31"]
[EventType "tourn"]
[EventRounds "9"]
[EventCountry "ESP"]
[EventCategory "2"]
[SourceTitle "CBM 209 Extra"]
[Source "ChessBase"]
[SourceDate "2022.09.30"]
[SourceVersion "1"]
[SourceVersionDate "2022.09.30"]
[SourceQuality "1"]

1. d4 d5 2. c4 e6 3. Nc3 Bb4 4. cxd5 exd5 5. Bf4 c6 6. e3 Ne7 7. Bd3 Bf5 8. Nf3 0-0 9. 0-0 Bxd3 10. Qxd3 Ng6 11. Bg3 Nd7 12. a3 Be7 13. b4 a6 14. Rab1 f5 15. Na4 b5 16. Nc5 Bxc5 17. dxc5 f4 18. exf4 Nxf4 19. Qe3 Qf6 20. Bxf4 Rae8 21. Bg5 Rxe3 22. Bxf6 Rxf3 23. gxf3 gxf6 24. Rb3 Kf7 25. f4 Re8 26. Re3 f5 27. Rxe8 Kxe8 28. Re1+ Kf7 29. f3 Nf8 30. Re5 Kf6 31. Re8 Ne6 32. Rc8 Nxf4 33. Rxc6+ Ke5 34. Rxa6 d4 35. Rd6 d3 36. Kf2 1-0

[Event "Barcelona IM 7th"]
[Site "Barcelona"]
[Date "2022.07.31"]
[Round "1"]
[White "Greget, Mathias"]
[Black "Nottola, Adrien"]
[Result "1/2-1/2"]
[WhiteElo "2041"]
[BlackElo "2275"]
[PlyCount "63"]
[EventDate "2022.07.31"]
[EventType "tourn"]
[EventRounds "9"]
[EventCountry "ESP"]
[EventCategory "2"]
[SourceTitle "CBM 209 Extra"]
[Source "ChessBase"]
[SourceDate "2022.09.30"]
[SourceVersion "1"]
[SourceVersionDate "2022.09.30"]
[SourceQuality "1"]

1. d4 Nf6 2. Nf3 g6 3. Nbd2 Bg7 4. e4 d6 5. Bd3 Nbd7 6. 0-0 e5 7. dxe5 dxe5 8. Nc4 Qe7 9. b3 0-0 10. Ba3 c5 11. Re1 Rd8 12. Qc1 b6 13. Qg5 h6 14. Qe3 Bb7 15. Bb2 Ne8 16. Rad1 f6 17. Nh4 Nf8 18. f4 Nd6 19. Nxd6 Rxd6 20. Bc4+ Kh7 21. Rxd6 Qxd6 22. fxe5 fxe5 23. Qf3 Rd8 24. Qf7 Nd7 25. Nf3 Qf6 26. Qxf6 Nxf6 27. Bxe5 Nxe4 28. Bxg7 Kxg7 29. Bd3 Re8 30. Nd2 Nf6 31. Rxe8 Nxe8 32. Be4 1/2-1/2

[Event "Villorba op 1st"]
[Site "Villorba"]
[Date "2021.06.30"]
[Round "9"]
[White "Warmerdam, Max"]
[Black "Greget, Mathias"]
[Result "1-0"]
[WhiteElo "2535"]
[BlackElo "1940"]
[PlyCount "61"]
[EventDate "2021.06.25"]
[EventType "swiss"]
[EventRounds "9"]
[EventCountry "ITA"]
[SourceTitle "CBM 203 Extra"]
[Source "ChessBase"]
[SourceDate "2021.09.30"]
[SourceVersion "1"]
[SourceVersionDate "2021.09.30"]
[SourceQuality "1"]

1. c4 e6 2. Nc3 d5 3. d4 a6 4. cxd5 exd5 5. Nf3 c6 6. Bf4 Nf6 7. e3 Bd6 8. Bxd6 Qxd6 9. Bd3 0-0 10. h3 Re8 11. Qc2 Nbd7 12. 0-0 Nf8 13. Ne5 N6d7 14. f4 f6 15. Ng4 Nb6 16. Rf3 c5 17. Qf2 cxd4 18. exd4 Bxg4 19. hxg4 Rac8 20. g5 Ng6 21. Rf1 fxg5 22. fxg5 Rf8 23. Bxg6 hxg6 24. Qh4 Rxf3 25. Rxf3 Rf8 26. Rh3 Rf6 27. g4 Rf8 28. Kg2 Qe7 29. Qh7+ Kf7 30. Rf3+ Ke8 31. Qxg6+ 1-0

[Event "Villorba op 1st"]
[Site "Villorba"]
[Date "2021.06.28"]
[Round "6"]
[White "Torngren, Gustav"]
[Black "Greget, Mathias"]
[Result "0-1"]
[WhiteElo "2243"]
[BlackElo "1940"]
[PlyCount "80"]
[EventDate "2021.06.25"]
[EventType "swiss"]
[EventRounds "9"]
[EventCountry "ITA"]
[SourceTitle "CBM 203 Extra"]
[Source "ChessBase"]
[SourceDate "2021.09.30"]
[SourceVersion "1"]
[SourceVersionDate "2021.09.30"]
[SourceQuality "1"]

1. d3 d5 2. c3 Nf6 3. Nd2 e5 4. Ngf3 Bd6 5. e4 c6 6. Be2 0-0 7. Qc2 Nbd7 8. h3 Re8 9. g4 Nf8 10. Nf1 Ng6 11. Bg5 Nf4 12. 0-0-0 h6 13. Bxf6 Qxf6 14. Ne3 Bc5 15. Rdg1 dxe4 16. dxe4 Nxe2+ 17. Qxe2 Qf4 18. Nd2 g6 19. Rg3 Bxe3 20. Rxe3 Be6 21. Rg1 Rad8 22. h4 Rd7 23. Nb3 b6 24. Kc2 Red8 25. Qf3 Qxf3 26. Rxf3 Kg7 27. g5 h5 28. Rf6 c5 29. Kc1 Rd3 30. f3 c4 31. Na1 Rd2 32. Nc2 Rh2 33. Rd1 Rxd1+ 34. Kxd1 Rxh4 35. Ne3 Rh1+ 36. Kd2 Rh2+ 37. Kc1 Rf2 38. Nd1 Rf1 39. Kd2 h4 40. Ke2 Rxd1 0-1

[Event "Villorba op 1st"]
[Site "Villorba"]
[Date "2021.06.28"]
[Round "5"]
[White "Triboi, Alexander"]
[Black "Greget, Mathias"]
[Result "1/2-1/2"]
[WhiteElo "1966"]
[BlackElo "1940"]
[PlyCount "43"]
[EventDate "2021.06.25"]
[EventType "swiss"]
[EventRounds "9"]
[EventCountry "ITA"]
[SourceTitle "CBM 203 Extra"]
[Source "ChessBase"]
[SourceDate "2021.09.30"]
[SourceVersion "1"]
[SourceVersionDate "2021.09.30"]
[SourceQuality "1"]

1. e4 e5 2. Nf3 Nc6 3. Bb5 a6 4. Ba4 Nf6 5. d3 b5 6. Bb3 Be7 7. a4 b4 8. a5 0-0 9. 0-0 d6 10. Nbd2 Rb8 11. h3 h6 12. Nc4 Nd4 13. Nxd4 exd4 14. e5 Nd7 15. exd6 cxd6 16. Qg4 Nc5 17. Qxd4 Nxb3 18. cxb3 Bf6 19. Qa7 Bb7 20. Bf4 Be5 21. Be3 Qf6 22. d4 1/2-1/2